| 000 -NÁVESTIE |
| fixed length control field |
00694nam a2200217 a 4500 |
| 008 - ÚDAJE S PEVNOU DĹŽKOU – VŠEOBECNÉ INFORMÁCIE |
| fixed length control field |
960226s1961||||[C 0 cze c |
| 040 ## - ZDROJ KATALOGIZÁCIE |
| Pôvodná katalogizujúca agentúra |
SNK |
| Jazyk katalogizácie |
slo |
| Prepisujúca agentúra |
SNK |
| Konvencie popisu |
AACR2 |
| 041 1# - KÓD JAZYKA |
| Kód jazyka textu/zvukovej stopy alebo samostatných nápisov |
cze |
| 044 ## - KÓD KRAJINY VYDAVATEĽA/PRODUCENTA |
| Kód krajiny MARC |
CZ |
| 080 ## - ČÍSLO MEDZINÁRODNÉHO DESATINNÉHO TRIEDENIA (MDT) |
| Číslo Medzinárodného desatinného triedenia (MDT) |
930.9"19"(093.3) |
| 020 ## - MEDZINÁRODNÉ ŠTANDARDNÉ ČÍSLO KNIHY (ISBN) |
| Údaje o dostupnosti |
49 |
| 100 1# - OSOBNÉ MENÁ – VŠEOBECNÉ INFORMÁCIE |
| Kód roly |
aut |
| 245 10 - NÁZOV |
| Názov |
Dvacáté století |
| Údaj o zodpovednosti atď. |
Philip. L. Cottrell ; Z angl. orig. přel.: Monika Vosková, Jaroslav Vacek, Eva Vacková, Svantovít Vošmera |
| Zvyšok názvu |
Kniha o věde a technice |
| 260 ## - VYDAVATEĽSKÉ ÚDAJE, DISTRIBÚCIA ATĎ. |
| Miesto publikovania, distribúcie atď. |
Praha |
| Dátum publikovania, distribúcie atď. |
1961 |
| Názov vydavateľa, distibútora atď. |
Orbis |
| 700 1# - PRIDANÝ VSTUP – OSOBNÉ MENO |
| Osobné meno |
Vosková, Monika |
| Kód roly |
trl |
| 700 1# - PRIDANÝ VSTUP – OSOBNÉ MENO |
| Osobné meno |
Vacek, Jaroslav |
| Kód roly |
trl |
| 700 1# - PRIDANÝ VSTUP – OSOBNÉ MENO |
| Osobné meno |
Vacková, Eva |
| Kód roly |
trl |
| 700 1# - PRIDANÝ VSTUP – OSOBNÉ MENO |
| Osobné meno |
Vošmera, Svantovít |
| Kód roly |
trl |
| 765 0# - VÄZBA NA PÔVODNÝ JAZYK |
| Názov |
Events a Chronicle of the Twentieth Century |
| 958 ## - Formálny deskriptor |
| Formálny deskriptor |
A |